000 00513cam a2200205ua 4500
001 7357
005 20260515114212.0
008 141208n ii |||gr||||Z||||||ben
040 _cMAIN
041 _aben
082 _a891.443
100 _aChattupadhyay, S.Ch.,
_eAuthor.
245 1 _aParinita
_cBy Sarat Chandra Chattupadhyay
250 _a1st.
260 _aCalcutta:
_bPublisarsh,
_c2001.
300 _a48p.
653 _aEast Indo-European & Celtic literatures
653 _aBengali novels
942 _cBK
999 _c6477
_d6477